<?xml version="1.0" encoding="UTF-8"?>
<record
    xmlns:xsi="http://www.w3.org/2001/XMLSchema-instance"
    xsi:schemaLocation="http://www.loc.gov/MARC21/slim http://www.loc.gov/standards/marcxml/schema/MARC21slim.xsd"
    xmlns="http://www.loc.gov/MARC21/slim">

  <leader>01775nam a2200181Ia 4500</leader>
  <controlfield tag="003">IT-RoPau</controlfield>
  <controlfield tag="005">20220918175933.0</controlfield>
  <controlfield tag="008">120407s9999    xx            000 0 und d</controlfield>
  <datafield tag="040" ind1=" " ind2=" ">
    <subfield code="a">IT-RoPAU</subfield>
    <subfield code="c">IT-RoPau</subfield>
  </datafield>
  <datafield tag="040" ind1=" " ind2=" ">
    <subfield code="c">IT-RoPAU</subfield>
  </datafield>
  <datafield tag="041" ind1=" " ind2=" ">
    <subfield code="a">ita</subfield>
  </datafield>
  <datafield tag="245" ind1=" " ind2=" ">
    <subfield code="a">"Atti e Documenti del VI Capitolo Generale della Societ&#xE0; san Paolo. Ariccia,15 marzo - 16 aprile 1992."</subfield>
  </datafield>
  <datafield tag="260" ind1=" " ind2=" ">
    <subfield code="a">Roma </subfield>
    <subfield code="b">Casa Generalizia SSP</subfield>
    <subfield code="c">1992</subfield>
  </datafield>
  <datafield tag="300" ind1=" " ind2=" ">
    <subfield code="a">95 p.</subfield>
    <subfield code="c">21,5 cm</subfield>
  </datafield>
  <datafield tag="520" ind1=" " ind2=" ">
    <subfield code="a">Indice

Presentazione, di Don Silvio Pignotti
Elenco dei patecipanti
Calendario-Programma
Relazione del Superiore generale Dopn Renato Perino sullo
della Congregazione
I. Rapporto sulle linee di azione affidate all'attuale Governo
dal V Capitolo generale
II. Stato personale della Congrgazione
III. A che punto siamo della nostra storia?
IV. Alcune considerazioni su punti nodali
1. La nostra missione oggi
2. Integrazione fra apostolato e vita spirituale
3. La vocazione e la formazione paolina nel contesto
comunitario
Conclusione

Studio del tema specifico ed elaborazione del Documento
programmatico per il sessennio 1992-1998
1. Panoramica globale dei lavori
2. Bozza di lavoro (sintesi dei lavori delle commissioni)

Priorit&#xE0; e linee operative 1992-1998
Articoli del Direttorio modificati dall'Assemblea Capitolare

Appendice
1. Concelebrazione di apertura presieduta da Don Renato Perino
2. Messaggio ai capitolari a conclusione dell'Anno Biblico Paolino
3. Udienza concessa a Sua Santit&#xE0; Giovanni Paolo II
I. Indirizzo del Superiore generale Don Silvio Pignotti
II. Discorso di Giovanni Paolo II
4. Messa presieduta da S. E. Mons. F. Err&#xE1;zuriz
5. Messaggio dei Capitolari a conclusione del Capitolo
6. Concelebrazione di chiusura presieduta da Don Silvio
Pignotti

</subfield>
  </datafield>
  <datafield tag="942" ind1=" " ind2=" ">
    <subfield code="c">BK</subfield>
    <subfield code="2">ddc</subfield>
  </datafield>
  <datafield tag="999" ind1=" " ind2=" ">
    <subfield code="c">37346</subfield>
    <subfield code="d">37346</subfield>
  </datafield>
  <datafield tag="952" ind1=" " ind2=" ">
    <subfield code="0">0</subfield>
    <subfield code="1">0</subfield>
    <subfield code="2">ddc</subfield>
    <subfield code="4">0</subfield>
    <subfield code="6">P_C4</subfield>
    <subfield code="7">1</subfield>
    <subfield code="a">PAULUS</subfield>
    <subfield code="b">PAULUS</subfield>
    <subfield code="d">2013-03-13</subfield>
    <subfield code="l">0</subfield>
    <subfield code="o">P C4</subfield>
    <subfield code="r">2013-03-13 00:00:00</subfield>
    <subfield code="w">2013-03-13</subfield>
    <subfield code="y">BK</subfield>
  </datafield>
  <datafield tag="952" ind1=" " ind2=" ">
    <subfield code="0">0</subfield>
    <subfield code="1">0</subfield>
    <subfield code="2">ddc</subfield>
    <subfield code="4">0</subfield>
    <subfield code="6">P_C4</subfield>
    <subfield code="7">1</subfield>
    <subfield code="a">PAULUS</subfield>
    <subfield code="b">PAULUS</subfield>
    <subfield code="d">2013-03-23</subfield>
    <subfield code="l">0</subfield>
    <subfield code="o">P C4</subfield>
    <subfield code="r">2013-03-23 00:00:00</subfield>
    <subfield code="w">2013-03-23</subfield>
    <subfield code="y">BK</subfield>
  </datafield>
  <datafield tag="952" ind1=" " ind2=" ">
    <subfield code="0">0</subfield>
    <subfield code="1">0</subfield>
    <subfield code="2">ddc</subfield>
    <subfield code="4">0</subfield>
    <subfield code="6">P_C4</subfield>
    <subfield code="7">1</subfield>
    <subfield code="a">PAULUS</subfield>
    <subfield code="b">PAULUS</subfield>
    <subfield code="d">2013-03-23</subfield>
    <subfield code="l">0</subfield>
    <subfield code="o">P C4</subfield>
    <subfield code="r">2013-03-23 00:00:00</subfield>
    <subfield code="w">2013-03-23</subfield>
    <subfield code="y">BK</subfield>
  </datafield>
  <datafield tag="952" ind1=" " ind2=" ">
    <subfield code="0">0</subfield>
    <subfield code="1">0</subfield>
    <subfield code="2">ddc</subfield>
    <subfield code="4">0</subfield>
    <subfield code="6">P_C4</subfield>
    <subfield code="7">1</subfield>
    <subfield code="a">PAULUS</subfield>
    <subfield code="b">PAULUS</subfield>
    <subfield code="d">2013-03-23</subfield>
    <subfield code="l">0</subfield>
    <subfield code="o">P C4</subfield>
    <subfield code="r">2013-03-23 00:00:00</subfield>
    <subfield code="w">2013-03-23</subfield>
    <subfield code="y">BK</subfield>
  </datafield>
  <datafield tag="952" ind1=" " ind2=" ">
    <subfield code="0">0</subfield>
    <subfield code="1">0</subfield>
    <subfield code="2">ddc</subfield>
    <subfield code="4">0</subfield>
    <subfield code="6">P_C3</subfield>
    <subfield code="7">1</subfield>
    <subfield code="a">PAULUS</subfield>
    <subfield code="b">PAULUS</subfield>
    <subfield code="d">2013-03-23</subfield>
    <subfield code="l">0</subfield>
    <subfield code="o">P C3</subfield>
    <subfield code="r">2013-03-23 00:00:00</subfield>
    <subfield code="w">2013-03-23</subfield>
    <subfield code="y">BK</subfield>
  </datafield>
</record>
